000 004820000a22001570004500
003 MACL
005 20201210114920.0
008 180227b xxu||||| |||| 00| 0 eng d
040 _cmacl
100 _aत्रिपाठी, रूप नारायण
_970831
245 _aअभिनव हिन्‍दी व्‍याकरण
260 _b श्‍याम प्रकाशन
_c2003
350 _a200
650 _aभाषा
_970832
942 _cHIN
_k400
_2ddc
999 _c9954
_d9954